000 00968nam a22002055i 4500
001 167751
003 ES-MaACL
005 20250806064056.0
008 971021s1879 sp |||| | spa d
080 _a61(035.062)
100 1 _aVollet, E.
_9133826
245 1 0 _aGuía práctica para conservar y recobrar la salud, o Tratado completo de medicina y farmacia domésticas al alcance de todo el mundo... :
_bdividida en tres partes... /
_cpor E. Vollet.
260 _aMadrid :
_bA. de San Martín,
_c1879.
300 _a445 p. ;
_c19 cm.
505 8 _aContiene: 1ª Parte. Descripción de todas las enfermedades ordenadas por orden alfabético -- 2ª Parte: 1ª Sección. Botánica medicinal ; 2ª Sección. Farmacia doméstica -- 3ª Parte. Nociones de higiene práctica
650 4 _aMedicina-
_vObras de divulgación.
_914913
650 7 _aPlantas medicinales
_2embne
_916118
852 4 _aES-MaACL
_jB-13454
_z- Enc. pasta española
999 _c167751
_d167751